Sports Quiz

Random Sports or Europe Quiz

UEFA Champions League Winners Quiz Stats

 Plays Quiz Updated May 28, 2018

Score 0/64 Timer 06:00
2 Plays Today
Year Champion % Correct
2016Real Madrid
99%
2018Real Madrid
99%
2014Real Madrid
98.9%
2017Real Madrid
98.9%
2019Liverpool
98.2%
2015FC Barcelona
98.1%
2013Bayern München
95.8%
2012Chelsea
95.4%
1956Real Madrid
94.7%
1957Real Madrid
93.8%
1958Real Madrid
93.7%
1959Real Madrid
93.5%
1960Real Madrid
93.3%
2008Manchester United
93.2%
2006FC Barcelona
92.5%
2009FC Barcelona
91.3%
2005Liverpool
91%
2002Real Madrid
90.7%
2000Real Madrid
90.6%
1999Manchester United
90.5%
2007AC Milan
90.4%
1998Real Madrid
88%
2003AC Milan
87.4%
2001Bayern München
86.8%
1968Manchester United
86.5%
1992FC Barcelona
86.2%
1966Real Madrid
85.4%
1981Liverpool
85%
1977Liverpool
84.9%
1978Liverpool
84.9%
1984Liverpool
84.5%
1994AC Milan
84.2%
Year Champion % Correct
1974Bayern München
83.2%
1975Bayern München
83.1%
1976Bayern München
83%
1990AC Milan
82.8%
1963AC Milan
82.6%
1989AC Milan
82.5%
2011FC Barcelona
81.8%
1969AC Milan
81.5%
2010Internazionale
81.5%
1996Juventus
80.9%
1964Internazionale
80.5%
2004FC Porto
80.5%
1965Internazionale
80.3%
1985Juventus
79.2%
1995Ajax
74.7%
1997Borussia Dortmund
73.8%
1973Ajax
73.3%
1972Ajax
73.3%
1971Ajax
73.2%
1987FC Porto
72.1%
1979Nottingham Forest
63.7%
1961Benfica
63.6%
1980Nottingham Forest
63.6%
1962Benfica
63%
1967Celtic
58.3%
1993Olympique Marseille
57.6%
1982Aston Villa
54.2%
1988PSV
51.9%
1991Red Star Belgrade
47%
1983Hamburg
39.8%
1970Feyenoord
38.9%
1986Steaua Bucureşti
31.4%

You're not logged in!

Compare scores with friends on all Sporcle quizzes.
OR
Log In

Sporcle TV

Today on Sporcle TV


Watch our educational content, quiz creation guides, and fun videos on Sporcle TV.

Show Comments

Extras

Top Quizzes Today


Score Distribution

Your Account Isn't Verified!

In order to create a playlist on Sporcle, you need to verify the email address you used during registration. Go to your Sporcle Settings to finish the process.

Report this User

Report this user for behavior that violates our Community Guidelines.

Details: